| 000 | 00468nam a2200181Ia 4500 | ||
|---|---|---|---|
| 003 | OSt | ||
| 005 | 20200818130908.0 | ||
| 008 | 190216s9999||||xx |||||||||||||| ||und|| | ||
| 020 | _a8174506489 | ||
| 040 | _coclc | ||
| 082 |
_a540 _bUPP/C |
||
| 100 |
_aUppal, Shveta _94193 |
||
| 245 | 0 |
_aChemistry / _cShveta Uppal |
|
| 260 |
_bNCERT, _c2007. _aNew Delhi: |
||
| 300 | _a280p | ||
| 650 | _aChemistry | ||
| 942 |
_cBK _2ddc _h540 _iUPP/C _k540 _mUPP/C |
||
| 999 |
_c3759 _d3759 |
||